01156nas a2200313 4500001001300000003000900013005001700022007000300039008003400042040005400076041000900130072000800139100001800147100001700165100001900182100001800201100002200219100002100241245012100262650002400383650002500407650001200432773011900444856004700563909004000610942001800650999001900668952015500687BR2013007618BR-BrBNA20231205122954.0ta230509b bl.|||p| |||| 00| 00por d aBR-BrBNAbporcBiblioteca Nacional de Agricultura a(En) aP351 aCunha, T.J.F.1 aMadari, B.E.1 aCanellas, L.P.1 aRibeiro, L.P.1 aBenites, V. de M.1 aSantos, G. de A.1 aSoil organic matter and fertility of anthropogenic dark earths (Terra Preta de Índio)in the Brazilian Amazon Basin aFERTILIDADE DO SOLO aMATÉRIA ORGÂNICA aCARBONO0 tRevista Brasileira de Ciência do Solo (Brazil)xISSN 0100-0683 g(Jan-Feb 2009), v. 33(1) p. 85-93wBR201300761840uhttp://www.scielo.br/pdf/rbcs/v33n1/09.pdf a202311bLúciac55dLúcia Elande 2AGRISn0cANA c231549d231549 002AGRIS4071a41918b41918cPeriódicos Agrícolash(Jan-Feb 2009), v. 33(1) p. 85-93l0r2023-11-29t01yCRePortaria Interministerial nº 164/94